000 00515nam a2200205Ia 4500
003 OSt
005 20230509093627.0
008 210423s2004 xx 000 0 und d
040 _cAL
041 _aeng
082 _a574.19245 ROES
100 _aROE (Simon).
_9100182
245 _aProtein purification applications.
250 _a2
260 _aNew York
_bOxford University Press
_c2004
300 _axvi,165
365 _b455
_cINR
906 _aapplications. ; Protein ; purification
942 _2ddc
_cBK
999 _c163477
_d163477